| 000 | 01812nam a22004577a 4500 | ||
|---|---|---|---|
| 001 | 795008569 | ||
| 003 | OCoLC | ||
| 005 | 20210419121248.0 | ||
| 006 | m o d | ||
| 007 | cr |n||||||||| | ||
| 008 | 110628s2012 nyua ob 001 0 eng d | ||
| 020 | _z9780071745215 (pbk. : alk. paper) | ||
| 020 | _a0071745211 (pbk. : alk. paper) | ||
| 024 | 8 | _a9786613656421 | |
| 035 | _a(OCoLC)795008569 | ||
| 037 |
_a365642 _bMIL |
||
| 040 |
_aCDX _beng _cCDX _dOCLCQ _dKUK _dOUN _dGWM _dOCLCQ |
||
| 041 | _aeng | ||
| 049 | _aYYEA, VZYM | ||
| 080 |
_a616 _bL-41 |
||
| 096 | _aINTERNET LINK | ||
| 100 | 1 | _aLawry, George V. | |
| 245 | 1 | 0 |
_aSystematic musculoskeletal examinations _h[electronic resource] / _cGeorge V. Lawry. |
| 260 |
_aNew York : _bMcGraw-Hill, _cc2012. |
||
| 300 |
_a1 online resource (288 p.) : _bcol. ill. |
||
| 365 | _b3.50 usd | ||
| 500 | _aEINSTEIN & MMC: available online via AccessMedicine. See Reference staff for assistance. | ||
| 504 | _aIncludes bibliographical references and index. | ||
| 588 | _aDescription based on print version record. | ||
| 650 | 1 | 2 |
_aMusculoskeletal Diseases _xdiagnosis _vAtlases. |
| 650 | 1 | 0 |
_aDiagnostics _977 |
| 650 | 2 | 2 |
_aPhysical Examination _xmethods _vAtlases. |
| 653 | _aფიზიკური გასინჯვა | ||
| 653 | _aკუნთოვანი და ძვლოვანი სისტემა | ||
| 653 | _aდიაგნოსტიკა | ||
| 655 | 7 | _aElectronic books. | |
| 710 | 2 | _aAccessMedicine (Online service) | |
| 856 | 4 | 0 |
_uhttps://elibrary.einsteinmed.org/login?url=https://accessmedicine.mhmedical.com/book.aspx?bookId=384 _zEINSTEIN: AccessMedicine ebook collection |
| 856 | 4 | 1 |
_uhttps://accessmedicine.mhmedical.com/book.aspx?bookId=384 _zMMC: AccessMedicine ebook collection |
| 942 |
_2udc _cBK |
||
| 999 |
_c385 _d385 |
||